000 00974nam a2200265Ia 4500
003 OSt
005 20221005111213.0
006 a|||||r|||| 00| 0
007 ta
008 221004b |||||||| |||| 00| 0 hin d
020 _a9789387889330 (hbk)
_cINR 695.00
024 _a42641
037 _bGV/792, 21/02/2019, Vani Prakashan
_cTextual
040 _aCRL
_cCRL
_bhin
041 _2hin
_ahin
082 _aP152:g, Q8
100 _aअरूण कुमार, ले.
245 0 _aग्रियर्सन
_b भाषा साहित्य चिन्तन
246 _aGriyarsana: bhāṣhā sāhitya chintana
260 _aनई दिल्ली
_bवाणी प्रकाशन भारत
_c2018
300 _a296पृ0
_ccm.
650 _aहिन्दी व्याकरण
942 _hP152:g, Q8
_cTEXL
_2cc
999 _c1021140
_d1021140